00245nam a22000977a 4500040000900000100002000009245006900029250000900098260003000107300001000137 cSCME aDavid R.Gaskell aAn introduction to transport phenomena in materials engineering  a2nd. aNew JersybMomentum press a660p.